National Capitals by Letter - A - Statistics

General Stats
  • This quiz has been taken 313 times
  • The average score is 12 of 16
Answer Stats
Answer % Correct
Accra
84%
Amsterdam
83%
Algiers
82%
Andorra La Vella
82%
Abuja
81%
Asuncion
81%
Ankara
79%
Antananarivo
79%
Athens
79%
Addis Ababa
78%
Amman
75%
Apia
75%
Astana
73%
Abu Dhabi
72%
Ashgabat
71%
Asmara
69%
No matching quizzes found
Score Distribution
Percent of People with Each Score
Percentile by Number Answered
Your Score History
You have not taken this quiz